Country Chain #2 - Statistics

General Stats
  • This quiz has been taken 112 times
    91 since last reset
  • The average score is 23 of 32
Answer Stats
Hint Country % Correct
A
88%
Country in danger of disappearing M
88%
Country that changed its name E
85%
S
85%
I
80%
Country with the city of Agadez N
80%
D
78%
I
78%
L
78%
V
78%
Country with the Dahlak Archipelago E
77%
R
77%
G
75%
A
74%
Country on half an island E
74%
A
72%
I
72%
T
72%
W
72%
A
69%
A
69%
I
69%
N
69%
Country with Chagres River P
69%
R
69%
T
69%
I
58%
M
58%
O
58%
R
58%
S
58%
T
58%
No matching quizzes found
Score Distribution
Percent of People with Each Score
Percentile by Number Answered
Your Score History
You have not taken this quiz since the last reset